000 01293nam a22004090a 4500
001 PT26705
003 AR-LpoUNG
005 20210131233310.0
008 191001s2003||||ag |||||||||||||||||spa d
020 _a950518901X
_c$24
040 _aAR-LpoUNG
_bspa
_cAR-LpoUNG
_eaacr
041 _aspa
044 _aag
082 0 _aR121.4 836dic
100 1 _aHoudé, Olivier
245 1 0 _aDiccionario de ciencias cognitivas :
_bneurociencia, psicología, inteligencia artificial, lingüística y filosofía
250 _a1§ edición
260 _aBuenos Aires :
_bAmorrortu,
_c2003.
300 _axxxiii, 497 p. :
_bil.
520 _aConjuga aportes esenciales de la neurociencia cognitiva, la psicología cognitiva, la Inteligencia Artificial (IA), la lingüística cognitiva y la filosofía de la mente.
650 4 _aCIENCIA
650 4 _aCONOCIMIENTO
650 4 _aDICCIONARIOS
650 4 _aFILOSOFIA
650 4 _aLINGÜISTICA
650 4 _aMATERIAL DE REFERENCIA
650 4 _aPSICOLOGIA
651 4 _aDOCUMENTOS TEORICOS O METODOLOGICOS
653 _aCOGNICION
653 _aCONCEPTUALIZACION
653 _aEPISTEMOLOGIA
653 _aINTELIGENCIA ARTIFICIAL
700 1 _aKayser, Daniel
700 1 _aKoenig, Olivier
905 _a26705
942 _cLSALA
999 _c19960
_d19960